000 00942nam a2200265Ia 4500
003 OSt
005 20221005103302.0
006 a|||||r|||| 00| 0
007 ta
008 221004b |||||||| |||| 00| 0 hin d
020 _a8188402079 (hbk)
_c350
024 _a108275
037 _b12956, 18/03/2011, Kitab Ghar
_cTextual
040 _aCRL
_cCRL
_bhin
041 _2hin
_ahin
082 _aY15, 152P8
100 _aशर्मा, विष्णुदत्त
245 0 _aसर्वप्रिया नारी
246 _aSarvapriyā nārī
260 _aगाजियाबाद
_bशोध प्रकाशन अकादमी भारत
_c2008
300 _a302पृ0
_ccm.
650 _aभारतीय-लोक साहित्य
942 _hY15, 152P8
_cTEXL
_2cc
999 _c1009797
_d1009797